Software engineering with Java /

This book is divided into two parts: Introduction to the Software process; The phases of the Software process.

Gespeichert in:
Bibliographische Detailangaben
1. Verfasser: Schach, Stephen R.
Format: Buch
Sprache:English
Veröffentlicht: Chicago : Irwin, 1997.
Schlagworte:
Tags: Tag hinzufügen
Keine Tags, Fügen Sie den ersten Tag hinzu!
Thư viện lưu trữ: Mạng thư viện Đại học Đà Nẵng
LEADER 00977cam a2200349 i 4500
001 000048040
003 7738
005 20030317145654.0
008 010322|1997 vm 000 eng
020 |a 0256241678 
040 |a IRC  |c IRC  |d IRC 
041 0 |a eng 
082 1 4 |a 005.133  |b SC-S 
100 1 |a Schach, Stephen R. 
245 0 0 |a Software engineering with Java /  |c Stephen R. Schach. 
260 |a Chicago :  |b Irwin,  |c 1997. 
300 |a 618 p. ;  |c 23cm. 
520 3 |a This book is divided into two parts: Introduction to the Software process; The phases of the Software process. 
630 0 4 |a Java. 
630 0 4 |a Computer program language. 
650 0 4 |a Software engineering. 
650 0 4 |a Java (Computer program language) 
OWN |a DUT 
999 |a From the UDN01 
TYP |a Monograph 
TYP |a Printed language 
980 |a Mạng thư viện Đại học Đà Nẵng